000 00571nam a2200205 a 4500
005 20231017063836.0
008 081120s2005 mx r 000 0 spa d
020 _a9688536210
035 _aUPN01000168039
049 _aCG
050 4 _aHF5438.3
_bM3.2
100 1 _aMartínez Escribá, Pere
245 1 0 _aAprender a vender en tienda /
_cPere Martínez Escribá.
260 _aMéxico :
_bPaidós,
_c2005.
300 _a140 p. :
_bil.
440 0 _aPaidós aprender ;
_v18
650 4 _aVENTAS -
_xADMINISTRACION
_96553
650 4 _aVentas
_96550
905 _aLibro
999 _c140148
_d140148